Statistics for Biggest Cities in Afghanistan Quiz

Click here to take the quiz!

General Stats

  • This quiz has been taken 911 times
  • The average score is 4 of 11

Answer Stats

PopulationCity% Correct
1,925,548Kabul
100%
468,200Kandahar
76%
397,456Herat
65%
375,181Mazar-i-Sharif
52%
205,423Jalalabad
45%
247,450Kunduz
31%
154,618Ghazni
22%
160,214Khost
13%
201,546Lashkar Gah
11%
191,640Puli Khumri
5%
194,471Taluqan
2%

Score Distribution

Percentile by Number Answered

Percent of People with Each Score

Your Score History

You have not taken this quiz